000 00666nam a2200217Ia 4500
001 1539
003 GE_BSU
008 181216s||||||||xx |||||||||||||| ||und||
020 _a5200010772
040 _cGE_BSU
080 _a811.161.1(072)
245 _aМетодика преподавания русского языка как иностранного
245 _bДля зарубежных филологов-русистов
260 _aМосква
260 _bРусский язык
260 _c1990
300 _a232стр.
541 _h7л.
653 _aМетодика преподавания русского языка
942 _cBK
999 _c35666
_d35666